000 01049nam a22002537a 4500
005 20170124102936.0
010 _aA-672419
020 _c35.00
035 _aA-672419
037 _bCen Lib/Ret
040 _aDPL
_bHN
082 _a827
_bगौतम
100 _aगौतम, राजकुमार
_99496
245 _aअंग्रेजी की रंगरेजी /
_cगौतम राजकुमार
246 _aAngrezi ki rangrezi /
_bby Rajkumar Gautam
260 _aदिल्ली
_bजगतराम एंड सन्स
_c1994
270 _bदिल्ली
_aसरस्वती भंडार, गाँधी नगर
_e110031
300 _a88पृ.
_c16सेमी(सजिल्द)
650 _aहिन्दी साहित्य
_946534
650 _aहिन्दी साहित्य -- कहानियां
_946535
650 _aHindi literature
_946536
650 _aHindi literature -- Stories
_946537
942 _2ddc
_cHN
_h827
_mगौतम
999 _c112249
_d112249